Words vs. Deeds : What Really Matters? /

This paper revisits the link between the nominal exchange rate regime and inflation, based on a sample of 145 emerging market and developing countries (EMDCs) over the period 1980-2010. We contend that, just as a de jure peg that is not backed by a de facto peg will have little value, de facto pegs...

Descrición completa

Detalles Bibliográficos
Autor Principal: Qureshi, Mahvash
Outros autores: Ghosh, Atish, Tsangarides, Charalambos
Formato: Revista
Idioma:English
Publicado: Washington, D.C. : International Monetary Fund, 2011.
Series:IMF Working Papers; Working Paper ; No. 2011/112
Acceso en liña:Full text available on IMF
LEADER 02040cas a2200265 a 4500
001 AALejournalIMF023085
008 230101c9999 xx r poo 0 0eng d
020 |c 20.00 USD 
020 |z 9781455261413 
022 |a 1018-5941 
040 |a BD-DhAAL  |c BD-DhAAL 
100 1 |a Qureshi, Mahvash. 
245 1 0 |a Words vs. Deeds :   |b What Really Matters? /  |c Mahvash Qureshi, Atish Ghosh, Charalambos Tsangarides. 
264 1 |a Washington, D.C. :  |b International Monetary Fund,  |c 2011. 
300 |a 1 online resource (35 pages) 
490 1 |a IMF Working Papers 
500 |a <strong>Off-Campus Access:</strong> No User ID or Password Required 
500 |a <strong>On-Campus Access:</strong> No User ID or Password Required 
506 |a Electronic access restricted to authorized BRAC University faculty, staff and students 
520 3 |a This paper revisits the link between the nominal exchange rate regime and inflation, based on a sample of 145 emerging market and developing countries (EMDCs) over the period 1980-2010. We contend that, just as a de jure peg that is not backed by a de facto peg will have little value, de facto pegs that lack the corresponding de jure will likewise reap few of the low inflation benefits associated with pegging the exchange rate. To test our hypothesis, we exploit a novel dataset of both de jure and de facto exchange rate regime classifications. We find that pegged exchange rates are associated with significantly lower inflation in EMDCs than flexible exchange rates, and that this effect is much stronger for de facto pegs that are matched by de jure pegs than for those that are not. When it comes to anchoring expectations and delivering low inflation, therefore, both deeds and words matter. 
538 |a Mode of access: Internet 
700 1 |a Ghosh, Atish. 
700 1 |a Tsangarides, Charalambos. 
830 0 |a IMF Working Papers; Working Paper ;  |v No. 2011/112 
856 4 0 |z Full text available on IMF  |u https://elibrary.imf.org/openurl?genre=journal&issn=1018-5941&volume=2011&issue=112  |z IMF e-Library